000 01156cam a2200337 a 4500
001 1817
003 FISKH
005 20231005110010.0
008 020507s2003 nyua j b 001 0 eng
010 _a 2002007168
020 _a0516242652 (Library Binding)
020 _a0516243578 (Paperback)
040 _aDLC
_cDLC
_dDLC
_beng
042 _apcc
_alcac
050 0 0 _aTX558.O7
_bS64 2003
082 0 0 _a641.8/75
_221
100 1 _aSnyder, Inez.
245 1 0 _aOranges to orange juice /
_cby Inez Snyder.
260 _aNew York :
_bScholastic,
_c2003.
300 _a24 pages :
_bcolor illustrations ;
_c16 x 19 cm.
490 1 _aHow things are made
505 _aF
520 _aAn introduction to the process of making orange juice from fresh oranges.
521 8 _a310
_bLexile
521 8 _aF
_bRaz-Plus
650 0 _aOrange juice
_vJuvenile literature.
800 1 _aSnyder, Inez.
_tHow things are made.
906 _a7
_bcbc
_corignew
_d1
_eecip
_f20
_gy-gencatlg
942 _2ddc
_cBK
_n0
999 _c1817
_d1817